| 000 | 01400nam0a2200349 4500 | ||
|---|---|---|---|
| 001 | RU\NLR\bibl\1825282 | ||
| 005 | 20250616162440.0 | ||
| 010 |
_a978-5-271-36292-7 _bАстрель _93000 |
||
| 021 |
_aRU _b2011-76250 _95420 |
||
| 035 | _a(NLR Aleph) 001815813 | ||
| 090 |
_a1936169 _c1936169 |
||
| 100 | _a20111026d2011 |||y0rusy50 ca | ||
| 101 | 1 |
_arus _ceng |
|
| 102 | _aRU | ||
| 105 | _ay ||||||||| | ||
| 200 | 1 |
_aВы не гаджет _dYou are not a gadjet _eманифест _fДжарон Ланир _gпер. с англ. Михаила Кононенко _zeng |
|
| 210 |
_aМосква _cАстрель _cCORPUS _d2011 |
||
| 215 |
_a317, [1] с. _d21 |
||
| 300 | _aАвт. также на англ. яз.: Jaron Lanier | ||
| 300 | _aНа 317-й с. авт.: Джарон Ланир - ученый-программист, композитор, художник и писатель | ||
| 510 | 0 |
_6z22790 _aYou are not a gadjet _zeng |
|
| 606 | 1 |
_aINTERNET, глобальная информационная сеть _xПсихологическое воздействие _92383515 _3RU\NLR\auth\661421913 |
|
| 686 | _aЮ932.1 | ||
| 686 | _aС550.57 | ||
| 700 | 1 |
_aЛанир _bД. _gДжарон _4070 |
|
| 790 | 1 |
_6z22510 _aLanier _bJ. _gJaron _4070 |
|
| 801 | 0 |
_aRU _bNLR _c20111026 _gRCR |
|
| 801 | 1 |
_aRU _bNLR _c20111026 |
|
| 942 | _cBOOK | ||
| 980 | _aNB | ||
| 980 | _aNBR | ||